| 000 | 00373 a2200157 4500 | ||
|---|---|---|---|
| 001 | 59805 | ||
| 020 | _a9783522179744 | ||
| 040 | _cAnchieta - Pituba | ||
| 100 | _aMinte-König, Bianka | ||
| 240 | 1 | 0 |
_aJungs & andere katastrophen _lpor |
| 245 | 1 | 0 | _aJungs & andere katastrophen |
| 300 | _a202 | ||
| 362 | 0 | _a2007 | |
| 650 | 4 | _aLiteratura juvenil em alemão | |
| 942 | _cBK | ||
| 999 |
_c59805 _d59805 |
||